Financial Accounting for Management 6/e
Saved in:
| Hovedforfatter: | |
|---|---|
| Format: | Bog |
| Udgivet: |
MGH
|
| Tags: |
Ingen Tags, Vær først til at tagge denne postø!
|
MARC
| LEADER | 00000nam a2200000Ia 4500 | ||
|---|---|---|---|
| 005 | 20260513122052.0 | ||
| 020 | |a 9789364440974 | ||
| 100 | |a Ramachandran | ||
| 365 | |c Rs. | ||
| 365 | |b 25.00 | ||
| 942 | |c BK | ||
| 245 | |a Financial Accounting for Management 6/e | ||
| 260 | |b MGH | ||
| 999 | |c 65 |d 65 | ||
| 952 | |0 0 |1 0 |4 0 |7 0 |a UNSW |b UNSW |d 2026-05-06 |g 925.00 |i 16681 |l 0 |p 000066 |r 2026-05-13 12:20:52 |v 925.00 |w 2026-05-13 |y BK | ||